000 00752nam a2200253Ia 4500
003 OSt
005 20221005041551.0
006 a|||||r|||| 00| 0
007 ta
008 221004b |||||||| |||| 00| 0 eng d
020 _c150
024 _a6045
037 _b715, 26/06/2013, H.K. Prakashan
_cTextual
040 _aCRL
_cCRL
_beng
041 _2eng
_aeng
082 _aQ8441:4196x, P8
100 _aNeki J S Ed.
_9589819
245 0 _aBhagat Bani in Sri Guru Granth Sahib
_b Shabad and its resonance
260 _aDelhi
_bPunjabi Academy India
_c2008
300 _a132p.
_ccm.
650 _aRELIGION
942 _hQ8441:4196x, P8
_cTEXL
_2cc
999 _c948724
_d948724